|
|
|
|
| LEADER |
00800nam a2200277 4500 |
| 001 |
DLU110114896 |
| 005 |
##20110104 |
| 040 |
# |
# |
|a DLU
|b vie
|
| 041 |
# |
# |
|a vie
|
| 044 |
# |
# |
|a vn
|
| 100 |
# |
# |
|a Cahill, Michelle.
|
| 245 |
# |
# |
|a Thái độ khiêm nhường trong tác phẩm của Thanh Thảo /
|c Michelle Cahill, Lương Lê Giang dịch.
|
| 653 |
# |
# |
|a Đề tài
|
| 653 |
# |
# |
|a Nghệ thuật thơ
|
| 653 |
# |
# |
|a Thi pháp
|
| 700 |
# |
# |
|a Lương Lê Giang,
|c Dịch.
|
| 773 |
# |
# |
|t Thơ
|g Số 4, 2008, tr. 24-30
|
| 920 |
# |
# |
|a Phòng Tạp chí -- Trung tâm Thông tin - Thư viện Trường Đại học Đà Lạt
|
| 994 |
# |
# |
|a DLU
|
| 900 |
# |
# |
|a True
|
| 911 |
# |
# |
|a Nguyễn Thị Linh Chi
|
| 925 |
# |
# |
|a G
|
| 926 |
# |
# |
|a A
|
| 927 |
# |
# |
|a BB
|
| 980 |
# |
# |
|a Thư viện Trường Đại học Đà Lạt
|